Statistics for Gundam UC Quiz

Click here to take the quiz!

General Stats

  • This quiz has been taken 189 times
  • The average score is 6 of 15

Answer Stats

HintAnswer% Correct
Original Gundam PilotAmuro Ray
77%
The first Gundam show to be canceledMobile Suit Gundam
74%
Original Gundam nameRX-78-2
66%
They "key" to Laplace's BoxUnicorn Gundam
66%
War between the Earth Federation and ZeonOne Year War
59%
Called the "Mock Trojan Horse"White Base
41%
Pilot of the Psycho GundamFour Murasame
40%
Char's real nameCasval Rem Deikun
39%
Creator of GundamYoshiyuki Tomino
34%
Original mobile suit that could travel 3x the speed of a regular ZakuChar's Zaku II
29%
Second Gundam suit featuredRX-178 Gundam Mk-II
27%
Called Gundam, "The White Devil"Principality of Zeon
22%
Only Gundam protagonist to not get "Bright slapped"Banagher Links
21%
Last series made by Gundam creatorTurn A Gundam
19%
Event at the end of Char's CounterattackAxis Shock
16%

Score Distribution

Percentile by Number Answered

Percent of People with Each Score

Your Score History

You have not taken this quiz